Catálogo
 En Linea

Vademecum del veterinario / (Registro nro. 42661)

Detalles MARC
000 -CABECERA
campo de control de longitud fija 00619nam a2200169 a 4500
001 - NÚMERO DE CONTROL
campo de control 000043172
005 - FECHA Y HORA DE LA ÚLTIMA TRANSACCIÓN
campo de control 20201002040708.0
008 - DATOS DE LONGITUD FIJA--INFORMACIÓN GENERAL
campo de control de longitud fija 140221s1964 sp 001 0 spa d
040 ## - FUENTE DE LA CATALOGACIÓN
Centro catalogador/agencia de origen DO-SdBNP
Lengua de catalogación spa
Centro/agencia transcriptor BNPHU
100 1# - ENTRADA PRINCIPAL--NOMBRE DE PERSONA
Nombre de persona Brion, Abel
9 (RLIN) 70758
245 10 - MENCIÓN DE TÍTULO
Título Vademecum del veterinario /
Mención de responsabilidad, etc. de H. Mollereau, Ch. Porter, E. Nicolas. Formulario veterinario de farmacología, terapéutica e higiene. A. Brion; traducción, José María Soler y coll.
250 ## - MENCIÓN DE EDICIÓN
Mención de edición 2a. ed.
260 ## - PUBLICACIÓN, DISTRIBUCIÓN, ETC.
Lugar de publicación, distribución, etc. Barcelona :
Nombre del editor, distribuidor, etc. Gea,
Fecha de publicación, distribución, etc. 1964.
300 ## - DESCRIPCIÓN FÍSICA
Extensión 779 p. ;
Dimensiones 22 cm.
500 ## - NOTA GENERAL
Nota general Incluye índice
700 1# - PUNTO DE ACCESO ADICIONAL--NOMBRE DE PERSONA
Nombre de persona Soler y Coll, José María
Término indicativo de función/relación trad.
9 (RLIN) 70759
Existencias
Estado de retiro Estado de pérdida Restricciones de uso No para préstamo Código de colección Localización permanente Ubicación/localización actual Ubicación en estantería Fecha de adquisición Número de inventario Total de préstamos Signatura topográfica completa Código de barras Fecha visto por última vez Precio válido a partir de Tipo de ítem Koha
      Excluido de préstamo Monografías: Libros y Folletos General General En catalogación 21.02.2014 LF1   43172-10 25.06.2020 25.06.2020 No se presta
        Monografías: Libros y Folletos General General Orden iniciada 21.02.2014 LF1   43173-10 25.06.2020 25.06.2020 No se presta

Con tecnología Koha